The flawed architect : (Record no. 18979)
[ view plain ]
| 000 -LEADER | |
|---|---|
| fixed length control field | 02201cam a2200361 i 4500 |
| 001 - CONTROL NUMBER | |
| control field | 13552710 |
| 003 - CONTROL NUMBER IDENTIFIER | |
| control field | EG-ScBUE |
| 005 - DATE AND TIME OF LATEST TRANSACTION | |
| control field | 20240701092042.0 |
| 008 - FIXED-LENGTH DATA ELEMENTS--GENERAL INFORMATION | |
| fixed length control field | 040408s2004 enkeo f b f001 0deng d |
| 020 ## - INTERNATIONAL STANDARD BOOK NUMBER | |
| International Standard Book Number | 0195172213 (acidfree paper) |
| 020 ## - INTERNATIONAL STANDARD BOOK NUMBER | |
| International Standard Book Number | 9780195172218 |
| 040 ## - CATALOGING SOURCE | |
| Original cataloging agency | DLC |
| Language of cataloging | eng |
| Description conventions | rda |
| Transcribing agency | DLC |
| Modifying agency | DLC |
| -- | EG-ScBUE |
| 043 ## - GEOGRAPHIC AREA CODE | |
| Geographic area code | n-us--- |
| 082 04 - DEWEY DECIMAL CLASSIFICATION NUMBER | |
| Classification number | 973.924092 |
| Edition number | 22 |
| Item number | HAN |
| 100 1# - MAIN ENTRY--PERSONAL NAME | |
| Personal name | Hanhimäki, Jussi M., |
| Dates associated with a name | 1965- |
| Relator term | author. |
| 9 (RLIN) | 37409 |
| 245 14 - TITLE STATEMENT | |
| Title | The flawed architect : |
| Remainder of title | Henry Kissinger and American foreign policy / |
| Statement of responsibility, etc | Jussi Hanhimäki. |
| 246 30 - VARYING FORM OF TITLE | |
| Title proper/short title | Henry Kissinger and American foreign policy |
| 264 #1 - PUBLICATION, DISTRIBUTION, ETC. (IMPRINT) | |
| Place of publication, distribution, etc | Oxford, United Kingdom ; |
| -- | New York, United States : |
| Name of publisher, distributor, etc | Oxford University Press, |
| Date of publication, distribution, etc | 2004. |
| 300 ## - PHYSICAL DESCRIPTION | |
| Extent | xxii, 554 pages : |
| Other physical details | photographs, plans ; |
| Dimensions | 25 cm |
| 336 ## - CONTENT TYPE | |
| Source | rdacontent |
| Content type term | text |
| Content type code | txt |
| 337 ## - MEDIA TYPE | |
| Media type term | unmediated |
| Source | rdamedia |
| Media type code | n |
| 338 ## - CARRIER TYPE | |
| Carrier type term | volume |
| Carrier type code | nc |
| Source | rdacarrier |
| 504 ## - BIBLIOGRAPHY, ETC. NOTE | |
| Bibliography, etc | Includes bibliographical references and index.<br/> |
| 505 0# - FORMATTED CONTENTS NOTE | |
| Formatted contents note | Introduction : a prize-winning performance ?-The aspiring statesman-Kissinger, Nixon, and the challenges of '69-Bombs and back channels-Progress and promise-Negotiating in the shadow of war-Crises and opportunities-Breakthroughs-The first test : Triangulation diplomacy and the Indo-Pakistani war-"The week that changed the world"-High stakes : triangulation, Moscow, and Vietnam-Exiting Vietnam-Highs and lows-Secretary of State-Unilateral advantage : the October war and shuttle diplomacy-Nixon's farewell : Watergate, Kissinger and foreign policy-Renewal ? Ford, Vladivostok, and Kissinger-Not our loss : exit from Vietnam-The worst hour : Angola and East Timor-"Worse than in the days of McCarthy" : Kissinger and the marathon of 1976-The chairman 'on trial'-Conclusion : the flawed architect. |
| 600 17 - SUBJECT ADDED ENTRY--PERSONAL NAME | |
| Personal name | Kissinger, Henry, |
| Dates associated with a name | 1923- |
| Source of heading or term | BUEsh |
| 9 (RLIN) | 37410 |
| 650 #7 - SUBJECT ADDED ENTRY--TOPICAL TERM | |
| Topical term or geographic name as entry element | Statesmen |
| Geographic subdivision | United States |
| Form subdivision | Biography. |
| Source of heading or term | BUEsh |
| 9 (RLIN) | 17460 |
| 650 #7 - SUBJECT ADDED ENTRY--TOPICAL TERM | |
| Topical term or geographic name as entry element | Cabinet officers |
| Geographic subdivision | United States |
| Form subdivision | Biography. |
| Source of heading or term | BUEsh |
| 9 (RLIN) | 37411 |
| 651 #7 - SUBJECT ADDED ENTRY--GEOGRAPHIC NAME | |
| Geographic name | United States |
| General subdivision | Foreign relations |
| Chronological subdivision | 1969-1974. |
| Source of heading or term | BUEsh |
| 9 (RLIN) | 37412 |
| 651 #7 - SUBJECT ADDED ENTRY--GEOGRAPHIC NAME | |
| Geographic name | United States |
| General subdivision | Politics and government |
| Chronological subdivision | 1969-1974. |
| Source of heading or term | BUEsh |
| 9 (RLIN) | 37413 |
| 653 ## - INDEX TERM--UNCONTROLLED | |
| Resource For college | BAEPS, Business Administration |
| Arrived date list | February2015 |
| 655 ## - INDEX TERM--GENRE/FORM | |
| Form subdivision | Reading book |
| 9 (RLIN) | 34232 |
| 942 ## - ADDED ENTRY ELEMENTS (KOHA) | |
| Source of classification or shelving scheme | Dewey Decimal Classification |
| Koha item type | Book - Borrowing |
| Withdrawn status | Lost status | Source of classification or shelving scheme | Damaged status | Not for loan | Collection code | Home library | Current library | Shelving location | Date acquired | Source of acquisition | Cost, normal purchase price | Serial Enumeration / chronology | Total Checkouts | Total Renewals | Full call number | Barcode | Date last seen | Date checked out | Cost, replacement price | Price effective from | Koha item type |
|---|---|---|---|---|---|---|---|---|---|---|---|---|---|---|---|---|---|---|---|---|---|
| Dewey Decimal Classification | Baccah | Central Library | Central Library | Second Floor | 15/02/2015 | 197.00 | 21291 | 1 | 3 | 973.924092 HAN | 000037410 | 15/07/2025 | 13/12/2015 | 246.00 | 15/02/2015 | Book - Borrowing |